5HLuxD.jpg

KING HENRY VIII SENIOR AND PRIMARY SCHOOL LIBRARY OPAC

From the heart of Africa : (Record no. 1355)

000 -LEADER
fixed length control field 00957nam a22003135i 4500
001 - CONTROL NUMBER
control field 19586684
003 - CONTROL NUMBER IDENTIFIER
control field OSt
005 - DATE AND TIME OF LATEST TRANSACTION
control field 20221228153949.0
008 - FIXED-LENGTH DATA ELEMENTS--GENERAL INFORMATION
fixed length control field 170406s2018 nyu 000 0 eng
010 ## - LIBRARY OF CONGRESS CONTROL NUMBER
LC control number 2017939147
020 ## - INTERNATIONAL STANDARD BOOK NUMBER
International Standard Book Number 9781770497191 (hardcover)
020 ## - INTERNATIONAL STANDARD BOOK NUMBER
International Standard Book Number 9781770497207 (epub)
040 ## - CATALOGING SOURCE
Original cataloging agency DLC
Language of cataloging eng
Description conventions rda
Transcribing agency DLC
042 ## - AUTHENTICATION CODE
Authentication code pcc
082 ## - DEWEY DECIMAL CLASSIFICATION NUMBER
Classification number 398.996 WAL
100 1# - MAIN ENTRY--PERSONAL NAME
Personal name Walters, Eric.
Relator term Collector
245 10 - TITLE STATEMENT
Title From the heart of Africa :
Remainder of title a book of wisdom /
Statement of responsibility, etc. Eric Walters.
263 ## - PROJECTED PUBLICATION DATE
Projected publication date 1801
264 #1 - PRODUCTION, PUBLICATION, DISTRIBUTION, MANUFACTURE, AND COPYRIGHT NOTICE
Place of production, publication, distribution, manufacture Plattsburgh, NY :
Name of producer, publisher, distributor, manufacturer Tundra Books of Northern New York,
Date of production, publication, distribution, manufacture, or copyright notice 2018.
300 ## - PHYSICAL DESCRIPTION
Extent 40 unnumbered pages :
Other physical details color illustrations ;
Dimensions 27 cm
336 ## - CONTENT TYPE
Content type term text
Content type code txt
Source rdacontent
337 ## - MEDIA TYPE
Media type term unmediated
Media type code n
Source rdamedia
338 ## - CARRIER TYPE
Carrier type term volume
Carrier type code nc
Source rdacarrier
650 ## - SUBJECT ADDED ENTRY--TOPICAL TERM
Source of heading or term Aphorismes et apophtegmes
651 ## - SUBJECT ADDED ENTRY--GEOGRAPHIC NAME
Source of heading or term Conduct of life
906 ## - LOCAL DATA ELEMENT F, LDF (RLIN)
a 0
b ibc
c orignew
d 2
e epcn
f 20
g y-gencatlg
942 ## - ADDED ENTRY ELEMENTS (KOHA)
Source of classification or shelving scheme
Koha item type Books - Non Ficton
Holdings
Withdrawn status Lost status Source of classification or shelving scheme Damaged status Not for loan Collection code Permanent Location Current Location Shelving location Date acquired Total Checkouts Full call number Barcode Date last seen Date last checked out Price effective from Koha item type
          Non-Fiction KH8 Primary School Library KH8 Primary School Library Non Fiction 2022-12-28 2 398.996 WAL KHPL000003133 2025-12-05 2023-03-23 2022-12-28 Books - Non Ficton

Powered By KH8 IT Dept